| 000 | 00716cam a2200241 a 4500 | ||
|---|---|---|---|
| 008 | |||
| 020 | _a9781412936231 (pbk.) | ||
| 049 | _aMAIN | ||
| 050 | 0 | 0 |
_aRA418 _bBAR |
| 100 | 1 | _aBarry, Anne-Marie. | |
| 245 | 1 | 0 |
_aUnderstanding health : _ba sociological introduction / _cAnne-Marie Barry and Chris Yuill. |
| 260 |
_aLondon : _bSAGE Publications, _c2008 |
||
| 300 |
_aviii, 302 p. : _bill. ; _c23 cm. |
||
| 504 | _aIncludes bibliographical references. | ||
| 500 | _aIncludes index. | ||
| 650 | 0 | _aSocial medicine. | |
| 700 | 1 | _aYuill, Chris. | |
| 907 |
_a.b10269186 _b05-11-09 _c09-10-09 |
||
| 003 | |||
| 005 | 20230120204020.0 | ||
| 040 | _cNUST | ||
| 942 | _cBOOKS | ||
| 999 |
_c115619 _d115619 |
||